| 000 | 00912cab a2200205 4500 | ||
|---|---|---|---|
| 001 | ABS68723 | ||
| 008 | 050221n2005 000 0 eng u | ||
| 035 | _a(Sirsi) u128856 | ||
| 100 | _aWood, T. | ||
| 245 | 4 | _aThe price we pay | |
| 260 | _c2005 | ||
| 490 |
_aBuilding _v270(8367) 4 February 2005, 52(1) |
||
| 520 | _aSummarises the "Building" and Hammonds survey into the cost of hiring an adjudicator. Notes that the average fee is now £3 725which, when considered in the context of the average sum claimed in judicial proceedings, is a substantial rise of 50% compared with the Glasgow Caledonian study of four years ago. | ||
| 590 | _aABS | ||
| 650 | _aMANAGEMENT-DISPUTE AVOIDANCE, MANAGEMENT AND RESOLUTION-DISPUTE MANAGEMENT AND RESOLUTION-ALTERNATIVE DISPUTE RESOLUTION-ADJUDICATION | ||
| 650 | _aADJUDICATORS' FEES | ||
| 650 | _aDISPUTES | ||
| 690 |
_aDispute resolution _96236 |
||
| 942 | _n0 | ||
| 999 |
_c74824 _d74824 |
||